LEADER 03622nam 2200529 450 001 9910808264803321 005 20230801235851.0 010 $a2-511-01740-7 035 $a(CKB)3790000000018342 035 $a(EBL)2085165 035 $a(SSID)ssj0001516582 035 $a(PQKBManifestationID)12584630 035 $a(PQKBTitleCode)TC0001516582 035 $a(PQKBWorkID)11500946 035 $a(PQKB)11625989 035 $a(MiAaPQ)EBC2085165 035 $a(Au-PeEL)EBL2085165 035 $a(OCoLC)894042464 035 $a(EXLCZ)993790000000018342 100 $a20200124d2012 uy 0 101 0 $afre 135 $aur|n|---||||| 181 $ctxt 182 $cc 183 $acr 200 10$a1940-1945 $e"Ils m'ont vole? mes plus belles anne?es" /$fPhilippe Carrozza 210 1$aNeufchateau :$cWeyrich,$d[2012] 215 $a1 online resource (695 p.) 300 $a"Re?cits ine?dits: 44 te?moins du Luxembourg racontent leur guerre." 311 $a2-87489-171-1 327 $aCouverture; Page de titre; Pre?face; 1. ARLON; Charles Grimonster; 2. ATTERT; Victor Thommes; 3. AUBANGE; Auguste Rossignon; 4. BASTOGNE; Jean Van Antwerpen; 5. BERTOGNE; Gaston Laforge; 6. BERTRIX-HERBEUMONT; Andre? Tinant; 7. BOUILLON; Arthur Mousty; 8. CHINY; Jean Musty; 9. CHINY : JAMOIGNE; Jean-Marie Fox; 10. DAVERDISSE; Jules Philippe; 11. DURBUY; Marcel Lardin; 12. E?REZE?E; Joseph Daulne; 13. E?TALLE; Marcel Cre?lot; 14. FAUVILLERS; Auguste Lequeux; 15. FLORENVILLE; Jean-Baptiste Ledant; 16. GOUVY; Ire?ne Fre?res; 17. HABAY; Ge?rard Sondag; 18. HOTTON; Gustave Sabre; 19. HOUFFALIZE 327 $aErnestine Pierret20. LA ROCHE; Roger Miliche; 21. LE?GLISE; Albert De?om; 22. LIBIN; Honore? Arnould; 23. LIBRAMONT-CHEVIGNY; Edmond Schmickrath; 24. MANHAY; Joseph Simon; 25. MARCHE-EN-FAMENNE; Mia Henry; 26. MARTELANGE; Marcel Stouvenaker; 27. MEIX-DEVANT-VIRTON; Marcel Baetse?; 28. MESSANCY; Gustave Hagen; 29. MUSSON; Fernand Wauthier; 30. NASSOGNE; Edmond Leroy; 31. NEUFCHA?TEAU; Andre? Galloy; 32. PALISEUL; Camille Noiret; 33. RENDEUX; Roger Franc?ois; 34. ROUVROY; Lucien Baillieux; 35 SAINT-HUBERT; Marie-Jeanne Renouprez-Le?onard; 36. SAINT-LE?GER; Numa Erpelding; 37. SAINTE-ODE; Louis Bricotte 327 $a38. TELLINRobert Antoine; 39. TENNEVILLE; Raymond Jacoby; 40. TINTIGNY; Tintigny; 41. VAUX-SUR-SU?RE; Fernand Bourguignon; 42. VIELSALM; Le?on Jeunejean; 43. VIRTON; Albert Balon; 44. WELLIN; Raymond Durigneux; Dans la collection Bataille des Ardennes; Copyright 330 $a Des te?moignages poignants de prisonniers de guerre durant la Seconde Guerre mondialeĢIls m'ont vole? mes plus belles anne?es ģ, m'a un jour confie? Marcel Goffin, 20 ans en 1940 et prisonnier en Allemagne jusqu'en 1945.Combien ont-ils e?te?, jeunes hommes et femmes, a? subir le me?me sort ? Combien restent-ils aujourd'hui a? pouvoir raconter? Leur nombre se re?duit force?ment d'anne?e en anne?e, he?las. Pour e?viter que leur histoire s'efface avec eux, Philippe Carrozza en a interviewe? quarante-quatre, soit un re?cit ine?dit par commune que compte la province de Luxembourg.Ces te?moins racontent leur vie de t 606 $aWorld War, 1939-1945$zBelgium$zLuxembourg 606 $aWorld War, 1939-1945$vPersonal narratives, Belgian 615 0$aWorld War, 1939-1945 615 0$aWorld War, 1939-1945 676 $a940.5 700 $aCarrozza$b Philippe$01710520 801 0$bMiAaPQ 801 1$bMiAaPQ 801 2$bMiAaPQ 906 $aBOOK 912 $a9910808264803321 996 $a1940-1945$94101209 997 $aUNINA LEADER 01762nas 2200553- 450 001 9910420857903321 005 20210130035701.3 011 $a2690-7097 035 $a(OCoLC)1142634294 035 $a(CKB)4100000011508218 035 $a(CONSER)--2020201856 035 $a(DE-599)ZDB3041845-8 035 $a(EXLCZ)994100000011508218 100 $a20200302a20209999 o-- a 101 0 $aeng 135 $aur||||||||||| 181 $ctxt$2rdacontent 182 $cc$2rdamedia 183 $acr$2rdacarrier 200 00$aATS scholar 210 1$aNew York, NY :$cAmerican Thoracic Society,$d[2020]- 215 $a1 online resource 300 $aRefereed/Peer-reviewed 517 1 $aAmerican Thoracic Society scholar 531 0 $aATS sch. 606 $aRespiratory organs$xDiseases$vPeriodicals 606 $aMedical education$vPeriodicals 606 $aMedical personnel$xTraining of$vPeriodicals 606 $aRespiratory Tract Diseases 606 $aRespiratory System 606 $aMedical education$2fast$3(OCoLC)fst01014024 606 $aMedical personnel$xTraining of$2fast$3(OCoLC)fst01014474 606 $aRespiratory organs$xDiseases$2fast$3(OCoLC)fst01095766 608 $aPeriodical. 608 $aPeriodicals.$2fast 615 0$aRespiratory organs$xDiseases 615 0$aMedical education 615 0$aMedical personnel$xTraining of 615 12$aRespiratory Tract Diseases. 615 22$aRespiratory System. 615 7$aMedical education. 615 7$aMedical personnel$xTraining of. 615 7$aRespiratory organs$xDiseases. 676 $a610.71173 712 02$aAmerican Thoracic Society, 906 $aJOURNAL 912 $a9910420857903321 996 $aATS scholar$92564600 997 $aUNINA